000 00442pab a2200157 454500
008 180718b1998 xxu||||| |||| 00| 0 eng d
100 _aGangoli, Gettanjali
245 _aReining women's sexuality through law: implications for social work education
260 _c1998
300 _ap.1011-018
362 _aOct
650 _aWomen in social work
700 _aSolanki, Gopika
773 _aIndian Journal of Social Work
909 _a39737
999 _c39737
_d39737